000 00420nam a22001457a 4500
008 240419b |||||||| |||| 00| 0 eng d
020 _a9780803947542
082 _a302.2
100 _aRiessman, Catherine Kohler.
245 _aNarrative Analysis:
_bQualitative Research Methods, Volume. 30
260 _aNewbury Park:
_bSage,
_c1993.
300 _avii, 79p.;
_bill.;
_c21.5 Cm
942 _2ddc
999 _c9890
_d9891